00458 2200193 4500001002100000005001500021035002000036008004100056245003500097100001800132250000600150260003600156300001200192084001400204082000800218650001400226990001200240990001200252INLIS00000000000047220240430112257 a0010-0424000448240430 0 ind 1 aPramuka Siaga /cAnis Ilahi W. aIlahi W, Anis a1 aKlaten :bIntan Pariwara,c2016 a178 hlm a369 ANI p a369 4aNon Fiksi a0728522 a0728523